00366nam a22001217a 4500003000400000005001700004008004100021040002700062100003700089245006100126260004800187300000900235OSt20240403125845.0240403b |||||||| |||| 00| 0 eng d cCentral Library MRSPTU aHoly Faith International (P) Ltd aWorldwise EncyclopediabA rapid fact-finder for everyone aNew DelhibHoly Faith International (P) Ltd a1284